| 000 | 01515nam a2200385 a 4500 | ||
|---|---|---|---|
| 001 | ebr10369663 | ||
| 003 | CaPaEBR | ||
| 006 | m u | ||
| 007 | cr cn||||||||| | ||
| 008 | 910221s1991 enka sb 001 0 eng d | ||
| 010 | _z 91052785 | ||
| 020 | _z0803983352 | ||
| 020 | _z0803983360 (pbk.) | ||
| 020 | _z9780803983359 | ||
| 020 | _z9780857022943 (e-book) | ||
| 040 |
_aCaPaEBR _cCaPaEBR |
||
| 035 | _a(OCoLC)593240000 | ||
| 050 | 1 | 4 |
_aBF637.C6 _bT65 1991eb |
| 082 | 0 | 4 |
_a158/.3/07 _220 |
| 245 | 0 | 0 |
_aTraining and supervision for counselling in action _h[electronic resource] / _cedited by Windy Dryden and Brian Thorne. |
| 260 |
_aLondon ; _aNewbury Park, Calif. : _bSage, _c1991. |
||
| 300 |
_a182 p. : _bill. |
||
| 490 | 1 | _aCounselling in action | |
| 504 | _aIncludes bibliographical references and index. | ||
| 505 | 0 | _apt. 1. Training -- pt. 2. Supervision -- pt. 3. Training counsellor trainers and supervisors. | |
| 533 |
_aElectronic reproduction. _bPalo Alto, Calif. : _cebrary, _d2013. _nAvailable via World Wide Web. _nAccess may be limited to ebrary affiliated libraries. |
||
| 650 | 0 |
_aCounseling _xStudy and teaching. |
|
| 650 | 0 |
_aCounselors _xSupervision of. |
|
| 655 | 7 |
_aElectronic books. _2local |
|
| 700 | 1 | _aDryden, Windy. | |
| 700 | 1 |
_aThorne, Brian, _d1937- |
|
| 710 | 2 | _aebrary, Inc. | |
| 830 | 0 | _aCounselling in action. | |
| 856 | 4 | 0 |
_uhttp://site.ebrary.com/lib/rucke/Doc?id=10369663 _zAn electronic book accessible through the World Wide Web; click to view |
| 999 |
_c110142 _d110142 |
||